| 000 | 00731nam a2200217 i 4500 | ||
|---|---|---|---|
| 001 | 27727 | ||
| 003 | ES-MaACL | ||
| 005 | 20250812024125.0 | ||
| 007 | t| | ||
| 008 | 030115s1981 sp ||||1| spa d | ||
| 020 | _a84-207-1394-5 | ||
| 100 | 1 |
_aAzcárate Ristori, José María de. _924256 |
|
| 245 | 1 | 0 |
_aHistoria del arte / _cJose María Azcárate Ristori, Alfonso Emilio Pérez Sánchez, Juan A. Ramírez Domínguez. |
| 260 |
_a[Madrid] : _bAnaya, _c[1981] |
||
| 300 |
_a1024 p. : _bil. col. y n. ; _c25 cm. |
||
| 650 | 0 | 4 |
_aArte- _vHistoria _910107 |
| 700 | 1 |
_aPérez Sánchez, Alfonso E., _d1935-2010 _9240883 |
|
| 700 | 1 |
_aRamírez, Juan Antonio. _995098 |
|
| 852 |
_aES-MaACL _jL-561 |
||
| 999 |
_c27727 _d27727 |
||